MARC-detaljer
| 000 -LEADER |
| fixed length control field |
02155cam a22004933a 4500 |
| 001 - CONTROL NUMBER |
| control field |
13454827 |
| 003 - CONTROL NUMBER IDENTIFIER |
| control field |
LIBRIS |
| 005 - DATE AND TIME OF LATEST TRANSACTION |
| control field |
20210318112338.0 |
| 008 - FIXED-LENGTH DATA ELEMENTS--GENERAL INFORMATION |
| fixed length control field |
120605s2012 xxk|||||||||||000 |bswe|c |
| 020 ## - INTERNATIONAL STANDARD BOOK NUMBER |
| International Standard Book Number |
9781445480190 |
| Qualifying information |
inb. |
| 040 ## - CATALOGING SOURCE |
| Original cataloging agency |
S |
| Description conventions |
a |
| 041 1# - LANGUAGE CODE |
| Language code of text/sound track or separate title |
swe |
| Language code of original |
eng |
| 044 ## - COUNTRY OF PUBLISHING/PRODUCING ENTITY CODE |
| MARC country code |
xxk |
| -- |
sw |
| 082 #4 - DEWEY DECIMAL CLASSIFICATION NUMBER |
| Classification number |
791.43028092 |
| Edition number |
23/swe |
| 084 ## - OTHER CLASSIFICATION NUMBER |
| Classification number |
Ima |
| Number source |
kssb/8 (machine generated) |
| 100 1# - MAIN ENTRY--PERSONAL NAME |
| Personal name |
Clayton, Marie |
| 240 12 - UNIFORM TITLE |
| Uniform title |
A photographic history of Marilyn Monroe. |
| Language of a work |
Svenska |
| 245 10 - TITLE STATEMENT |
| Title |
Marilyn Monroe : |
| Remainder of title |
en berättelse i bilder / |
| Statement of responsibility, etc. |
Marie Clayton ; [översättning av Gunnar Hasseläng]. |
| 264 #1 - PRODUCTION, PUBLICATION, DISTRIBUTION, MANUFACTURE, AND COPYRIGHT NOTICE |
| Place of production, publication, distribution, manufacture |
Bath : |
| Name of producer, publisher, distributor, manufacturer |
Parragon ; |
| Place of production, publication, distribution, manufacture |
Göteborg : Parakit, |
| Date of production, publication, distribution, manufacture, or copyright notice |
[2012] |
| 300 ## - PHYSICAL DESCRIPTION |
| Extent |
255 s. |
| Other physical details |
ill. |
| 600 14 - SUBJECT ADDED ENTRY--PERSONAL NAME |
| Personal name |
Monroe, Marilyn, |
| Dates associated with a name |
1926-1962 |
| Authority record control number or standard number |
https://libris.kb.se/mkz13rj52m3g5cn#it |
| 650 #7 - SUBJECT ADDED ENTRY--TOPICAL TERM |
| Topical term or geographic name entry element |
Kvinnliga filmskådespelare |
| Geographic subdivision |
Förenta staterna |
| Source of heading or term |
sao |
| 655 #7 - INDEX TERM--GENRE/FORM |
| Genre/form data or focus term |
Bildverk |
| Authority record control number or standard number |
https://id.kb.se/term/saogf/Bildverk |
| Source of term |
saogf |
| 887 ## - NON-MARC INFORMATION FIELD |
| Content of non-MARC field |
{"@id":"wf7bhj17514b3td","modified":"2018-10-30T23:00:00+01:00","checksum":"69277367511"} |
| Source of data |
librisxl |
| 887 ## - NON-MARC INFORMATION FIELD |
| Content of non-MARC field |
{"@id":"48gzdk195sxm2w1","modified":"2013-03-27T15:08:59+01:00","checksum":"51381938809"} |
| Source of data |
librisxl |
| 887 ## - NON-MARC INFORMATION FIELD |
| Content of non-MARC field |
{"@id":"x28p37j32xb8r1w","modified":"2012-06-05T13:57:32+02:00","checksum":"54506801627"} |
| Source of data |
librisxl |
| 887 ## - NON-MARC INFORMATION FIELD |
| Content of non-MARC field |
{"@id":"w5s9s5rptcz8ct85","modified":"2019-03-12T16:36:26.016+01:00","checksum":"38532604561"} |
| Source of data |
librisxl |
| 900 1s - EQUIVALENCE OR CROSS-REFERENCE-PERSONAL NAME [LOCAL, CANADA] |
| Linkage |
600 |
| Dates associated with a name |
1926-1962 |
| Affiliation |
Monroe, Marilyn, |
| Dates associated with a name |
1926-1962 |
| 900 1s - EQUIVALENCE OR CROSS-REFERENCE-PERSONAL NAME [LOCAL, CANADA] |
| Linkage |
600 |
| Dates associated with a name |
1926-1962 |
| Affiliation |
Monroe, Marilyn, |
| Dates associated with a name |
1926-1962 |
| 942 ## - ADDED ENTRY ELEMENTS (KOHA) |
| Source of classification or shelving scheme |
Other/Generic Classification Scheme |
| Koha item type |
Bok |